| 000 | 01069nam a22002297a 4500 | ||
|---|---|---|---|
| 005 | 20250829185958.0 | ||
| 008 | 240816b ||||| |||| 00| 0 eng d | ||
| 082 | _aDPer 155.205 J826 July-September 2020 v. 119 n. 1-3 | ||
| 100 |
_aWillroth, Emily C. _eauthor. _957993 |
||
| 245 |
_aUnderstanding short-term variability in life satisfaction: _bthe individual differences in evaluating life statisfaction (IDELS) model / _cEmily C. Willroth, Oliver P. John, Jeremy C. Biesanz, and Iris B. Mauss. |
||
| 260 |
_aWashington ; _bAmerican Psychological Association , _cJuly 2020. |
||
| 300 |
_aVolume 119, pages 229-248 : _billustration ; _c27 cm. |
||
| 500 | _aJournal of Personality and Social Psychology , vol. 119, no. 1, pages 229-248, July 2020. | ||
| 650 |
_aIndividuality. _919964 |
||
| 650 |
_aPsychology. _960662 |
||
| 650 |
_aHealth. _960663 |
||
| 700 |
_aWillroth, Emily C. _eauthor. _957993 |
||
| 700 |
_aJohn, Oliver P. _eauthor. _957994 |
||
| 700 |
_aBiesanz, Jeremy C. _eauthor. _957995 |
||
| 700 |
_aMauss, Iris B. _eauthor. _957996 |
||
| 942 |
_2ddc _cPER |
||
| 999 |
_c20532 _d20532 |
||